Desarrollo del capital monopolista en Argentina.

Đã lưu trong:
Chi tiết về thư mục
Tác giả chính: Braun, Oscar
Định dạng: Sách
Ngôn ngữ:Spanish
Được phát hành: Buenos Aires] Editorial Tiempo Contemporáneo [1970]
Phiên bản:[1. ed.
Loạt:Biblioteca de ciencias sociales. Colección Signos
Những chủ đề:
LEADER 01044nam a22002891 4500
001 c000334211
003 CARM
005 00000000000000.0
008 800429s1970 ag b 00000 spa
019 1 |a 1720848  |5 LACONCORD2021 
025 |a LACAP70-4746 
035 |a (OCoLC)1690130  |5 LACONCORD2021 
043 |a s-ag--- 
050 0 0 |a HC175  |b .B7 
100 1 |a Braun, Oscar. 
245 1 0 |a Desarrollo del capital monopolista en Argentina. 
250 |a [1. ed. 
260 |a Buenos Aires]  |b Editorial Tiempo Contemporáneo  |c [1970] 
300 |a 63 p.  |c 20 cm. 
490 0 |a Biblioteca de ciencias sociales. Colección Signos 
504 |a Includes bibliographical references. 
650 0 |a Capital  |z Argentina. 
651 0 |a Argentina  |x Economic conditions  |y 1918- 
651 0 |a Argentina  |x Economic policy. 
852 8 |b CARM  |h A1:AL02A0  |i A05165  |p 0455170  |f BK 
999 f f |i 69a53923-da15-5511-912f-956d0af90a8f  |s b0b76483-f364-532b-bc02-dbf775e257b3 
952 f f |p Can circulate  |a CAVAL  |b CAVAL  |c CAVAL  |d CARM 1 Store  |e A05165  |f A1:AL02A0  |h Other scheme  |i book  |m 0455170